We need closure (Record no. 76694)

MARC details
000 -LEADER
fixed length control field 00715cab a2200181 4500
001 - CONTROL NUMBER
control field ##L132924
008 - FIXED-LENGTH DATA ELEMENTS--GENERAL INFORMATION
fixed length control field 060323n2006 000 0 eng u
035 ## - SYSTEM CONTROL NUMBER
System control number (Sirsi) u132924
041 0# - LANGUAGE CODE
Language code of text/sound track or separate title eng
100 1# - MAIN ENTRY--PERSONAL NAME
Personal name Dzakula, Peter
245 00 - TITLE STATEMENT
Title We need closure
260 ## - PUBLICATION, DISTRIBUTION, ETC.
Date of publication, distribution, etc. 2006
490 #0 - SERIES STATEMENT
Series statement Building
Volume/sequential designation 271(8422) 17 March 2006, 60(1)
520 ## - SUMMARY, ETC.
Summary, etc. Argues for the appointment of an independent project manager in PFI contracts whose role would be to prepare and monitor a detailed programme, and ensure compliance with it. He would also act as a document manager, using an extranet or dedicated website, and hold regular overview meetings.
590 ## - LOCAL NOTE (RLIN)
Local note IKA280306
690 ## - LOCAL SUBJECT ADDED ENTRY--TOPICAL TERM (OCLC, RLIN)
Topical term or geographic name as entry element Project management
9 (RLIN) 6261
942 ## - ADDED ENTRY ELEMENTS (KOHA)
Suppress in OPAC 0
Holdings
Withdrawn status Lost status Source of classification or shelving scheme Damaged status Not for loan Home library Current library Shelving location Date acquired Total Checkouts Full call number Barcode Date last seen Copy number Price effective from Koha item type
    Dewey Decimal Classification     London London Journal article 23/03/2006   L132924 132924-1001 06/08/2019 1 06/08/2019 Journal article